000 00564nam a22001697a 4500
008 121128t mx||||| |||| 00| 0 spa d
020 _a9501402282
050 0 4 _aKKT4058.L9
_bJ56 1984
100 1 _aJiménez de Asúa, Luis
245 _aLibertad de amar y derecho a morir :
_bEnsayos de un criminalista sobre eugenesia y eutanasia /
_cLuis Jiménez de Asúa.
250 _a7a ed.
260 _aBuenos Aires :
_bDepalma,
_cc1984
300 _axxiii, 438 p. ;
_c23 cm.
650 7 _2Lemb
_aEutansia
_zEspaña
650 7 _2Lemb
_aEugenesia
_zEspaña
942 _2ddc
_cLIB
999 _c35388
_d35388